000 01146cam a22003135i 4500
001 007659165
003 EG-ScBUE
005 20250528101143.0
008 741217r19641963e a f b 001 0 eng d
040 _aEG-ScBUE
_beng
_erda
_cEG-ScBUE
_dEG-ScBUE
082 0 4 _a526.86
_222
_bMON
100 1 _aMonkhouse, Francis John,
_eauthor.
245 1 0 _aMaps and diagrams :
_btheir compilation and construction /
_cby F. J. Monkhouse, professor of geography in the University of Southampton and H. R. Wilkinson, professor of geography in the University of Hull.
250 _aSecond edition.
264 1 _aLondon :
_bMethuen & Co Ltd.,
_c[1964]
264 4 _cc1964
300 _axix, 432 pages :
_billustrations ;
_c22 cm.
336 _2rdacontent
_atext
_btxt
337 _aunmediated
_2rdamedia
_bn
338 _avolume
_bnc
_2rdacarrier
490 0 _aUniversity paperbacks ;
_vUP 75
500 _aWith 235 illustrations.
504 _aIncludes bibliographical references and index.
650 7 _2BUEsh
_aCartography.
650 7 _2BUEsh
_aMap drawing.
655 _vReading book
700 1 _aWilkinson, Henry Robert,
_eauthor.
942 _2ddc
_cBB
999 _c25771
_d25743